| 000 | 01125 am a2200337 a 4500 | ||
|---|---|---|---|
| 005 | 20240805103700.0 | ||
| 008 | 100812s2002||||sp a f |||| 001 0 spa d | ||
| 020 | _a847903534X | ||
| 041 | _aspa | ||
| 092 |
_c611 _l53 _sMOO |
||
| 100 | 1 |
_aMoore, Keith L. _9137 |
|
| 245 |
_aAnatomía con orientación clínica / _cKeith L. Moore. |
||
| 250 |
_a4a ed. 1a reimp. _bTraducción Ignacio Navascués Benlloch |
||
| 260 |
_aMadrid: _bEditorial Médica Panamericana ; Lippincott Williams & Wilkins; _c2002. |
||
| 300 |
_a946 p. _bil. |
||
| 500 | _aMoore, K. L. y Dalley, A. F. (2002). Anatomía con orientación clínica. (4a ed.). Madrid : Editorial Médica Panamericana ; Lippincott Williams & Wilkins. | ||
| 653 | _aIntroducción a la anatomía con orientación clínica | ||
| 653 | _aTórax | ||
| 653 | _aAbdomen | ||
| 653 | _aPelvis y perineo | ||
| 653 | _aDorso del tronco | ||
| 653 | _aMiembro inferior | ||
| 653 | _aMiembro superior | ||
| 653 | _aCabeza | ||
| 653 | _aCuello | ||
| 653 | _aNervios craneales | ||
| 700 | 1 |
_aDalley, Arthur F. _91315 |
|
| 930 | _a898 | ||
| 930 | _a897 | ||
| 942 |
_2ddc _cBK |
||
| 999 |
_c618 _d618 |
||